|
|
|
|
| LEADER |
02000nam a2200493 a 4500 |
| 001 |
000052390 |
| 003 |
CZ BrMZK |
| 005 |
20230621133543.0 |
| 007 |
ta |
| 008 |
950313s1995 xr e c 0dcze d |
| 015 |
|
|
|a cnb000113383
|
| 020 |
|
|
|a 80-7035-094-6
|
| 040 |
|
|
|a BOA001
|b cze
|
| 041 |
1 |
|
|a cze
|a eng
|
| 043 |
|
|
|a e-xr---
|b e-xr-pg
|a a-cc---
|2 czenas
|
| 045 |
|
|
|a w-w-
|
| 072 |
|
7 |
|a 75
|x Malířství
|2 Konspekt
|9 21
|
| 080 |
|
|
|a 75(510)
|2 MRF
|
| 080 |
|
|
|a 75.041
|2 MRF
|
| 080 |
|
|
|a 72/76:069.5
|2 MRF
|
| 080 |
|
|
|a (437.311)
|2 MRF
|
| 080 |
|
|
|a (510)
|2 MRF
|
| 080 |
|
|
|a (083.824)
|2 MRF
|
| 100 |
1 |
|
|a Olivová, Lucie,
|d 1956-
|7 jn20001227722
|4 aut
|
| 245 |
1 |
0 |
|a Čínská figuralistika v 19. století ze sbírek Národní galerie v Praze a Muzea provincie Kuang-tung /
|c [autorka výstavy a katalogu] Lucie Borotová : [katalog výstavy] : Národní galerie v Praze, Palác Kinských29.11.1995-21.1.1996
|
| 246 |
3 |
3 |
|a Late ging figure painting from the collections of the National gallery in Prague and the Guangdong province museum
|
| 250 |
|
|
|a Vyd. 1.
|
| 260 |
|
|
|a Praha :
|b Národní galerie,
|c 1995
|
| 300 |
|
|
|a 53 s. :
|b il. ;
|c 24 cm
|
| 500 |
|
|
|a Náz. a text též angl. - Bibliogr.
|
| 610 |
2 |
7 |
|a Národní galerie (Praha, Česko)
|7 kn20010709071
|
| 610 |
2 |
4 |
|a Guangdong Sheng bo wu guan
|
| 648 |
|
7 |
|a 19. století
|7 ch460557
|2 czenas
|
| 650 |
0 |
7 |
|a čínské malířství
|y 19. století
|7 ph128214
|2 czenas
|
| 650 |
0 |
7 |
|a figurální malířství
|z Čína
|y 19. století
|7 ph120173
|2 czenas
|
| 650 |
0 |
7 |
|a umělecké sbírky
|z Česko
|7 ph135222
|2 czenas
|
| 650 |
0 |
7 |
|a umělecké sbírky
|z Čína
|7 ph135222
|2 czenas
|
| 651 |
|
7 |
|a Praha (Česko)
|7 ge118011
|2 czenas
|
| 651 |
|
7 |
|a Kanton (Čína)
|7 ge135263
|2 czenas
|
| 655 |
|
7 |
|a katalogy výstav
|7 fd132536
|2 czenas
|
| 710 |
2 |
|
|a Národní galerie (Praha, Česko)
|7 kn20010709071
|
| 910 |
|
|
|a BOA001
|b 2-1014.498
|
| 990 |
|
|
|a BK
|
| 996 |
6 |
|
|b 2610028344
|c 2-1014.498
|l MZK
|r Sklad / do 1 hodiny
|n 4
|p p.v.
|w 000052390
|u 000010
|a 1
|e BOA001
|j MZK50
|s P
|